000 00913cam a2200325Mi 4500
001 57506
005 20230411085934.0
008 780316s1977 enka b 001 0 eng d
010 _a 77030376
035 _a(OCoLC)ocn187312120
040 _aMeU
_cPAU
_dDRFGD
020 _a0080212387
020 _a9780080212388
029 1 _aAU@
_b000023886042
029 1 _aAU@
_b000027520164
035 _a(OCoLC)187312120
049 _aGRAL
050 1 4 _aE56e 1977
245 0 4 _aThe Encyclopaedia of ignorance /
_cedited by Ronald Duncan and Miranda Weston-Smith.
250 _a1st ed.
260 _aOxford [Eng.] ;
_aNew York :
_bPergamon Press,
_c1977.
300 _ax, 443 p. :
_bill. ; 26 cm.
650 0 _aScience.
650 2 _aScience.
700 1 _aDuncan, Ronald Frederick Henry,
_d1914-
700 1 _aWeston-Smith, Miranda.
942 _2lcc
_cbk
946 _almminaya
994 _aC0
_bDRFGD
999 _c109652
_d109652